000 00679nam a2200181 i 4500
001 40448
003 ES-MaACL
005 20250930063044.0
007 t|
008 030306s1882 sp ||||1| spa d
100 1 _aCarderera, Mariano,
_d1816-1893
_935158
245 1 0 _aCongreso Nacional Pedagógico
_b: discurso resumen de las sesiones leído en la clausura celebrada en 5 de junio de 1882 /
_cMariano Carderera.
260 _aMadrid :
_b[s.n.],
_c1882 (
_fImpr. de Gregorio Hernando)
300 _a53 p. ;
_c16 cm.
711 2 _aCongreso Nacional Pedagógico (
_d1882.
_cMadrid)
_9567
852 _aES-MaACL
_jT-1305-F-1
999 _c40448
_d40448